000 00658nam a2200277Ia 4500
005 20260324124905.0
008 008 260324s9999 xx 000 0 eng d
020 _a9781315557588
037 _aEBOOK
040 _aCRL
040 _beng
040 _cCRL
041 _2eng
041 _aeng
084 _qCRL
100 _aMichael Galanis; Alan Dignam
_91175891
245 4 _aThe Globalization of Corporate Governance
260 _bTaylor and Francis
260 _c2009
365 _a
365 _b230
856 _uhttp://www.taylorfrancis.com/books/9781315557588
942 _cEBOOK
999 _c1770678
_d1770678